000 00263nam a2200109Ia 4500
005 20260328104332.0
008 260328s9999||||xx |||||||||||||| ||und||
100 _aLight4
245 0 _aVenice Itself :
_b Façon de Venise /
_cLight4
650 _aITALIA
942 _cBK
999 _c11768
_d11768